000 00368nam a2200133Ia 4500
008 100328s9999 xx 000 0 und d
082 _b57420
100 _aकिनरे जयंत
245 _aकाी ना काी
260 _bअपरांन्त
630 _aकाी ना काी
730 _aकाी ना काी
942 _cBOOK
999 _c543868
_d543865